Catálogo
 En Linea

Diplomacia : (Registro nro. 21179)

Detalles MARC
000 -CABECERA
campo de control de longitud fija 01582nam a2200361 a 4500
001 - NÚMERO DE CONTROL
campo de control 000021680
003 - IDENTIFICADOR DEL NÚMERO DE CONTROL
campo de control DO-SdBNP
005 - FECHA Y HORA DE LA ÚLTIMA TRANSACCIÓN
campo de control 20260520104306.0
008 - DATOS DE LONGITUD FIJA--INFORMACIÓN GENERAL
campo de control de longitud fija 100910s1984 dr 000 0 spa d
040 ## - FUENTE DE LA CATALOGACIÓN
Centro catalogador/agencia de origen DO-SdBNP
Lengua de catalogación spa
Centro/agencia transcriptor BNPHU
082 ## - NÚMERO DE LA CLASIFICACIÓN DECIMAL DEWEY
Número de clasificación 327.27293
Número de documento/Ítem V635d 1984
Número de edición 22
100 1# - ENTRADA PRINCIPAL--NOMBRE DE PERSONA
Nombre de persona Vicioso Soto, Horacio
9 (RLIN) 23658
Fechas asociadas al nombre 1915 - 1996
245 10 - MENCIÓN DE TÍTULO
Título Diplomacia :
Resto del título ciencia y arte /
Mención de responsabilidad, etc. Horacio Vicioso Soto ; prólogo Armando Oscar Pacheco
250 ## - MENCIÓN DE EDICIÓN
Mención de edición 4a. ed.
260 ## - PUBLICACIÓN, DISTRIBUCIÓN, ETC.
Lugar de publicación, distribución, etc. Santo Domingo :
Nombre del editor, distribuidor, etc. ONAP,
Fecha de publicación, distribución, etc. 1984.
300 ## - DESCRIPCIÓN FÍSICA
Extensión 417 p. ;
Dimensiones 22 cm.
490 1# - MENCIÓN DE SERIE
Mención de serie Estudios jurídicos
Designación de volumen o secuencia 24
500 ## - NOTA GENERAL
Nota general Incluye referencias bibliográficas y notas la pie de las páginas
505 2# - NOTA DE CONTENIDO CON FORMATO
Nota de contenido con formato Tres etapas de la diplomacia - Órganos de las relaciones diplomáticas - Acción diplomática - Organizaciones internacionales -- Normas protocolares - Congresos y las conferencias internacionales - Concertación de tratados - Ceremonia de cancillería: formulario de la correspondencia.
590 ## - NOTA LOCAL (RLIN)
Nota local Inventariado, 2019/MFF
650 #0 - PUNTO DE ACCESO ADICIONAL DE MATERIA--TÉRMINO DE MATERIA
Término de materia o nombre geográfico como elemento de entrada Diplomacia
9 (RLIN) 398
650 #0 - PUNTO DE ACCESO ADICIONAL DE MATERIA--TÉRMINO DE MATERIA
Término de materia o nombre geográfico como elemento de entrada Relaciones internacionales
9 (RLIN) 399
650 #0 - PUNTO DE ACCESO ADICIONAL DE MATERIA--TÉRMINO DE MATERIA
Término de materia o nombre geográfico como elemento de entrada Tratados
9 (RLIN) 9456
650 #4 - PUNTO DE ACCESO ADICIONAL DE MATERIA--TÉRMINO DE MATERIA
Término de materia o nombre geográfico como elemento de entrada Orgainsmos internacionales
9 (RLIN) 45109
650 #0 - PUNTO DE ACCESO ADICIONAL DE MATERIA--TÉRMINO DE MATERIA
Término de materia o nombre geográfico como elemento de entrada Documentos diplomáticos
9 (RLIN) 2999
651 ## - PUNTO DE ACCESO ADICIONAL DE MATERIA--NOMBRE GEOGRÁFICO
Nombre geográfico República Dominicana
Subdivisión general Relaciones internacionales
-- Historia
9 (RLIN) 77448
700 ## - PUNTO DE ACCESO ADICIONAL--NOMBRE DE PERSONA
Nombre de persona Oscar Pacheco, Armando
Término indicativo de función/relación pról
9 (RLIN) 57786
710 1# - PUNTO DE ACCESO ADICIONAL--NOMBRE DE ENTIDAD CORPORATIVA
Nombre de entidad corporativa o nombre de jurisdicción como elemento de entrada República Dominicana.
Unidad subordinada Oficina Nacional de Administración y Personal
9 (RLIN) 26398
830 #0 - PUNTO DE ACCESO ADICIONAL DE SERIE-TÍTULO UNIFORME
Título uniforme Estudios jurídicos
Designación de volumen o secuencia 24
9 (RLIN) 8442
910 ## - DATOS DE OPCIÓN DEL USUARIO (OCLC)
Datos de opción del usuario VMateo / Validado. Control de calidad MFF
942 ## - ELEMENTOS DE PUNTO DE ACCESO ADICIONAL (KOHA)
Fuente del sistema de clasificación o colocación Dewey Decimal Classification
Tipo de ítem Koha Libro
956 ## - LOCALIZACIÓN Y ACCESO ELECTRÓNICOS LOCAL (OCLC)
Nombre del host
Existencias
Estado de retiro Estado de pérdida Fuente del sistema de clasificación o colocación Restricciones de uso No para préstamo Código de colección Localización permanente Ubicación/localización actual Ubicación en estantería Fecha de adquisición Fuente de adquisición Número de inventario Total de préstamos Signatura topográfica completa Código de barras Fecha visto por última vez Número de copia Precio válido a partir de Tipo de ítem Koha Nota pública
    Dewey Decimal Classification Préstamo interno   Dominicana de Servicio Biblioteca Nacional Pedro Henríquez Ureña General Depósito 30.05.2011 FUNDI   BNPHU DS 327.7293 V635d 1984 21680-30 25.06.2020 e. 3 25.06.2020 Libro y Folleto Colección Dominicana de Servicio
    Dewey Decimal Classification Préstamo interno   Dominicana de Servicio Biblioteca Nacional Pedro Henríquez Ureña General   30.05.2011 ONAP   BNPHU DS 327.7293 V635d 1984 21680-40 25.06.2020 e. 4 25.06.2020 Libro y Folleto Colección Dominicana de Servicio  
    Dewey Decimal Classification Préstamo interno   Monografías: Libros y Folletos Biblioteca Nacional Pedro Henríquez Ureña General   30.05.2011     BNPHU DS 327.7293 V635d 1984   01.10.2020 e. 5 25.06.2020 Préstamo interno  
    Dewey Decimal Classification Excluido de préstamo Excluido de préstamo Patrimonio Dominicano Biblioteca Nacional Pedro Henríquez Ureña Patrimonio Dominicano Depósito 10.09.2010 FUNDI   BNPHU PD 327.7293 V635d,1984 21680-10 25.06.2020   25.06.2020 Libro y Folleto Colección Patrimonio Dominicano  
    Dewey Decimal Classification Excluido de préstamo Préstamo restrigido Patrimonio Dominicano Biblioteca Nacional Pedro Henríquez Ureña Patrimonio Dominicano Depósito 10.09.2010     BNPHU PD 327.7293 V635d 1984 21680-20 25.06.2020 e. 2 25.06.2020 Libro y Folleto Colección Patrimonio Dominicano

Con tecnología Koha